Scrambled Capital City Names Without The First Letter - Statistics

General Stats
  • This quiz has been taken 26 times
  • The average score is 10 of 15
Answer Stats
Hint Answer % Correct
oondn London
100%
los Oslo
82%
twata Ottawa
82%
thasken Tashkent
82%
aig Riga
73%
haak Dhaka
68%
tuio Quito
64%
iliag Kigali
55%
iaar Praia
55%
nnaill Tallinn
55%
anio Hanoi
50%
irialk Palikir
50%
uasoe Roseau
50%
gnphaeeon Copenhagen
45%
ivenodote Montevideo
45%
No matching quizzes found
Score Distribution
Percent of People with Each Score
Percentile by Number Answered
Your Score History
You have not taken this quiz